| 000 | 00967nam a2200253Ia 4500 | ||
|---|---|---|---|
| 003 | OSt | ||
| 005 | 20220923211206.0 | ||
| 006 | a|||||r|||| 00| 0 | ||
| 007 | ta | ||
| 008 | 220922b |||||||| |||| 00| 0 pan d | ||
| 020 |
_a9352313356 (hbk) _c395 |
||
| 024 | _a352,392 | ||
| 037 |
_b1182, 22/01/2020, H.K. Prakashan _cTextual |
||
| 040 |
_aARTS _cARTS _bpan |
||
| 041 |
_2pan _apan |
||
| 082 | _aP153,4:4k, 153Q9 | ||
| 100 |
_aਸਿੰਘ, ਰਾਮ ਮੂਰਤ, ਂਚ. _9159383 |
||
| 245 | 0 | _aਅਦੁੱਤੀ ਮੁਹਾਵਰਾ ਕੋF ਪੰਜਾਬੀ ਅਤੇ ਅੰਗਰੇਗ਼ੀ | |
| 260 |
_aਸ਼਼ਵਜ਼;਼ _b ਛ਼ਅਪ਼ਠ ਸ਼ਚਲ;ਜਫ਼ਵਜਰਅਤ _c2019 |
||
| 650 |
_a ਪੰਜਾਬੀ ਭਾFਾ _9159384 |
||
| 650 |
_aਕੋF _9159385 |
||
| 942 |
_hP153,4:4k, 153Q9 _cTEXL _2CC |
||
| 999 |
_c296609 _d296609 |
||